Statistiken für Jahresquiz 2023

Klicken Sie hier um das Quiz zu spielen!

Allgemein

  • Dieses Quiz wurde 126 mal gespielt
  • Das Durchschnittsergebnis liegt bei 6 aus 12

Antwortstatistiken

HinweisAntwort% Korrekt
Diese Terrororganisation greift am 7. Oktober Israel an. Es folgt ein Krieg in Israel und Gaza.Hamas
87%
Am 6. Februar kam es zu schweren Erdbeben, wodurch mehr als 56.000 Menschen ums Leben kamen. Neben der Türkei war welches Land besonders stark betroffen?Syrien
80%
Dieses europäische Land führte zum 1. Januar den Euro als gesetzliches Zahlungsmittel ein.Kroatien
78%
Am 3. Juni gewann dieser Fußballverein das DFB-Pokalfinale in Berlin und verteidigte so seinen Titel aus dem Vorjahr.RB Leipzig
70%
Nach der Sowjetunion, den USA und China gelingt auch diesem Land am 23. August die Landung einer Sonde auf dem Mond.Indien
60%
Deutschland gewinnt am 10. September erstmalig die Basketball-Weltmeisterschaft der Männer und dieser deutsche Spieler wird als MVP des Turniers ausgezeichnet.Dennis Schröder
58%
Der Däne Jonas Vingegaard gewann am 23. Juli zum zweiten Mal dieses große Sportevent.Tour de France
46%
Diese Sängerin gewinnt für Schweden am 13. Mai den 67. Eurovision Song Contest in Liverpool. Nach 2012 kann Sie zum zweiten Mal den Wettbewerb für sich entscheiden.Loreen
39%
In dieser deutschen Stadt werden am 9. März bei einem Amoklauf während eines Gottesdienstes der Zeugen Jehovas sieben Menschen getötet.Hamburg
34%
Am 15. April wurden die letzten drei Kernkraftwerke in Deutschland abgeschaltet. Neben den Atomkraftwerken Emsland und Neckarwestheim 2 ist welches weitere außer Betrieb gegangen?Isar 2
11%
Am 13. Dezember wird Donald Tusk zum Ministerpräsidenten vereidigt. Von welchem EU-Organ war er von 2015 bis 2019 der Präsident?Europäischer Rat
8%
Weil Ihr die Vertuschung eines Missbrauchsfalls vorgeworfen wird, tritt die EKD-Ratsvorsitzende am 20. November von Ihren Ämter zurück. Wie heißt Sie?Annette Kurschus
2%

Verteilung der Resultate

Perzentil nach korrekt beantworteten Fragen

Anzahl Personen mit jedem Resultat

Ihre Resultats-Entwicklung

Sie haben dieses Quiz noch nicht gespielt